[Event "Stare Mesto op"]
[Site "Stare Mesto"]
[Date "2013.08.13"]
[Round "6"]
[White "Cherednichenko, Elena"]
[Black "Kozel, Jiri"]
[Result "1-0"]
[WhiteElo "2167"]
[BlackElo "2017"]
[PlyCount "51"]
[EventDate "2013.08.09"]
[EventType "swiss"]
[EventRounds "10"]
[EventCountry "CZE"]
[SourceTitle "CBM 155 Extra"]
[Source "ChessBase"]
[SourceDate "2013.08.26"]
[SourceVersion "1"]
[SourceVersionDate "2013.08.26"]
[SourceQuality "1"]

1. d4 Nf6 2. Nf3 g6 3. Nc3 d5 4. Bf4 c6 5. e3 Bg7 6. Be2 Nbd7 7. Ne5 Qa5 8. Qd2 Nxe5 9. Bxe5 b5 10. f3 0-0 11. a3 Bh6 12. g4 Nd7 13. Bg3 f6 14. f4 Re8 15. h4 e5 16. 0-0-0 exd4 17. exd4 Nb6 18. h5 Bf8 19. hxg6 hxg6 20. Bd3 Bxa3 21. Qh2 Kf8 22. f5 Bd7 23. bxa3 Qxa3+ 24. Kd2 Nc8 25. Bc7 Ne7 26. Bd6 1-0

[Event "CZE-chTA U20 1213"]
[Site "Czech Republic"]
[Date "2013.04.13"]
[Round "10.3"]
[White "Pycha, Patrik"]
[Black "Kozel, Jiri"]
[Result "0-1"]
[WhiteElo "1946"]
[BlackElo "2051"]
[PlyCount "60"]
[EventDate "2012.10.06"]
[EventType "team-tourn"]
[EventRounds "11"]
[EventCountry "CZE"]
[SourceTitle "EXT 2015"]
[Source "ChessBase"]
[SourceDate "2014.11.20"]
[SourceVersion "1"]
[SourceVersionDate "2014.11.20"]
[SourceQuality "1"]
[WhiteTeam "Vlasim (U20)"]
[BlackTeam "Frydek Mistek (U20)"]
[WhiteTeamCountry "CZE"]
[BlackTeamCountry "CZE"]

1. e4 c5 2. Nf3 Nc6 3. d4 cxd4 4. Nxd4 e5 5. Nb5 d6 6. N1c3 a6 7. Na3 Be7 8. Be3 Nf6 9. Nd5 Nxd5 10. exd5 Nd4 11. c4 0-0 12. Bxd4 exd4 13. Bd3 Bf6 14. 0-0 Re8 15. Qf3 Be5 16. Nc2 Qh4 17. h3 h5 18. Rfe1 g5 19. Bf5 g4 20. hxg4 hxg4 21. Qd3 Qh2+ 22. Kf1 Qh1+ 23. Ke2 Bf4+ 24. Kd1 Rxe1+ 25. Nxe1 g3 26. f3 Bxf5 27. Qxf5 Re8 28. Kc2 Qf1 29. Qxf4 Qxc4+ 30. Kd2 Qe2+ 0-1

[Event "Pobeskydy op"]
[Site "Frydek Mistek"]
[Date "2013.03.31"]
[Round "8"]
[White "Kozel, Jiri"]
[Black "Bausano, Michael"]
[Result "1/2-1/2"]
[WhiteElo "2062"]
[BlackElo "1737"]
[PlyCount "51"]
[EventDate "2013.03.28"]
[EventType "swiss"]
[EventRounds "9"]
[EventCountry "CZE"]
[SourceTitle "CBM 153 Extra"]
[Source "ChessBase"]
[SourceDate "2013.04.22"]
[SourceVersion "1"]
[SourceVersionDate "2013.04.22"]
[SourceQuality "1"]

1. e4 e6 2. d4 d5 3. Nc3 Nf6 4. Bg5 Be7 5. e5 Nfd7 6. h4 a6 7. Qg4 Bxg5 8. hxg5 Qe7 9. f4 c5 10. Nf3 Nc6 11. dxc5 Nxc5 12. g6 h6 13. gxf7+ Qxf7 14. 0-0-0 Rf8 15. g3 Bd7 16. Bg2 0-0-0 17. a3 Na5 18. Nd4 Nc4 19. Rhe1 Kb8 20. Qe2 Qe7 21. Bxd5 Nxa3 22. bxa3 exd5 23. Nxd5 Nb3+ 24. Kb2 Nxd4 25. Rxd4 Qc5 26. Rdd1 1/2-1/2